[Event "Top 12 2021"]
[Site "Chalons en Champagne, France"]
[Date "2021.06.26"]
[Round "3.44"]
[White "Real, Thibault ERD"]
[Black "Hamdouchi, Hicham CLI"]
[Result "0-1"]
[WhiteElo "2267"]
[BlackElo "2561"]

1. d4 {[%clk 01:30:57]} {[%emt 00:00:02]} Nf6 {[%clk 01:30:53]} {[%emt
00:00:07]} 2. c4 {[%clk 01:31:22]} {[%emt 00:00:06]} d6 {[%clk 01:31:19]}
{[%emt 00:00:05]} 3. Nf3 {[%clk 01:31:45]} {[%emt 00:00:08]} g6 {[%clk
01:30:52]} {[%emt 00:00:56]} 4. g3 {[%clk 01:32:06]} {[%emt 00:00:08]} Bg7
{[%clk 01:31:08]} {[%emt 00:00:14]} 5. Bg2 {[%clk 01:32:28]} {[%emt 00:00:09]}
O-O {[%clk 01:31:25]} {[%emt 00:00:13]} 6. O-O {[%clk 01:32:48]} {[%emt
00:00:09]} Nbd7 {[%clk 01:31:10]} {[%emt 00:00:44]} 7. Nc3 {[%clk 01:33:05]}
{[%emt 00:00:13]} e5 {[%clk 01:31:32]} {[%emt 00:00:08]} 8. e4 {[%clk
01:33:31]} {[%emt 00:00:05]} a6 {[%clk 01:31:03]} {[%emt 00:00:58]} 9. b3
{[%clk 01:33:29]} {[%emt 00:00:33]} exd4 {[%clk 01:22:15]} {[%emt 00:09:18]} 10.
Nxd4 {[%clk 01:33:32]} {[%emt 00:00:27]} Re8 {[%clk 01:22:40]} {[%emt
00:00:05]} 11. Re1 {[%clk 01:32:50]} {[%emt 00:01:10]} Ng4 {[%clk 01:17:35]}
{[%emt 00:05:36]} 12. f3 {[%clk 01:17:06]} {[%emt 00:16:15]} Nge5 {[%clk
01:09:31]} {[%emt 00:08:35]} 13. Be3 {[%clk 01:16:29]} {[%emt 00:01:05]} Nc5
{[%clk 01:08:45]} {[%emt 00:01:16]} 14. Qd2 {[%clk 01:08:04]} {[%emt 00:08:55]}
Bd7 {[%clk 01:06:38]} {[%emt 00:02:38]} 15. Rad1 {[%clk 01:02:10]} {[%emt
00:06:24]} Rb8 {[%clk 00:59:50]} {[%emt 00:07:18]} 16. Bg5 {[%clk 00:37:32]}
{[%emt 00:25:08]} f6 {[%clk 00:56:26]} {[%emt 00:03:54]} 17. Be3 {[%clk
00:37:53]} {[%emt 00:00:09]} b5 {[%clk 00:52:30]} {[%emt 00:04:26]} 18. cxb5
{[%clk 00:37:55]} {[%emt 00:00:28]} axb5 {[%clk 00:52:54]} {[%emt 00:00:06]} 19.
Nd5 {[%clk 00:26:55]} {[%emt 00:11:31]} c6 {[%clk 00:33:50]} {[%emt 00:19:35]}
20. Nb4 {[%clk 00:26:13]} {[%emt 00:01:12]} Qc8 {[%clk 00:25:42]} {[%emt
00:08:37]} 21. Ndc2 {[%clk 00:22:26]} {[%emt 00:04:16]} Nb7 {[%clk 00:19:49]}
{[%emt 00:06:22]} 22. Bf2 {[%clk 00:15:05]} {[%emt 00:07:53]} Ra8 {[%clk
00:18:01]} {[%emt 00:02:18]} 23. Ne3 {[%clk 00:15:08]} {[%emt 00:00:27]} Qc7
{[%clk 00:12:51]} {[%emt 00:05:39]} 24. Rc1 {[%clk 00:07:19]} {[%emt 00:08:20]}
Qa5 {[%clk 00:11:34]} {[%emt 00:01:46]} 25. Red1 {[%clk 00:07:04]} {[%emt
00:00:45]} Rac8 {[%clk 00:06:48]} {[%emt 00:05:16]} 26. f4 {[%clk 00:06:26]}
{[%emt 00:01:09]} Nf7 {[%clk 00:06:58]} {[%emt 00:00:20]} 27. e5 {[%clk
00:03:05]} {[%emt 00:03:50]} fxe5 {[%clk 00:04:42]} {[%emt 00:02:46]} 28. Nxc6
{[%clk 00:00:39]} {[%emt 00:02:56]} Qxd2 {[%clk 00:04:11]} {[%emt 00:01:01]} 29.
Rxd2 {[%clk 00:01:08]} {[%emt 00:00:01]} e4 {[%clk 00:03:21]} {[%emt 00:01:20]}
30. Rdc2 {[%clk 00:01:27]} {[%emt 00:00:12]} Nc5 {[%clk 00:02:47]} {[%emt
00:01:03]} 31. Nb4 {[%clk 00:01:37]} {[%emt 00:00:20]} Bd4 {[%clk 00:00:38]}
{[%emt 00:02:38]} 32. Rd1 {[%clk 00:00:50]} {[%emt 00:01:18]} Ne6 {[%clk
00:00:35]} {[%emt 00:00:33]} 33. Rxc8 {[%clk 00:00:59]} Bxc8 {[%clk 00:01:05]}
34. Nbd5 {[%clk 00:00:48]} {[%emt 00:00:41]} Kf8 {[%clk 00:00:37]} {[%emt
00:00:58]} 35. Bh3 {[%clk 00:01:00]} {[%emt 00:00:18]} Bg7 {[%clk 00:00:41]}
{[%emt 00:00:26]} 36. Rc1 {[%clk 00:01:11]} {[%emt 00:00:20]} Bb7 {[%clk
00:00:34]} {[%emt 00:00:37]} 37. Bxe6 {[%clk 00:00:51]} {[%emt 00:00:49]} Rxe6
{[%clk 00:01:01]} {[%emt 00:00:02]} 38. Nc7 {[%clk 00:01:00]} {[%emt 00:00:22]}
Re7 {[%clk 00:00:57]} {[%emt 00:00:34]} 39. Nxb5 {[%clk 00:00:58]} {[%emt
00:00:33]} Ba6 {[%clk 00:00:43]} {[%emt 00:00:44]} 40. Nc7 {[%clk 00:30:47]}
{[%emt 00:00:41]} Bb2 {[%clk 00:30:40]} {[%emt 00:00:32]} 41. Rc6 {[%clk
00:29:16]} {[%emt 00:02:01]} Bb7 {[%clk 00:29:19]} {[%emt 00:01:51]} 42. Rc4
{[%clk 00:24:04]} {[%emt 00:05:42]} Rd7 {[%clk 00:24:34]} {[%emt 00:05:16]} 43.
Ncd5 {[%clk 00:22:24]} {[%emt 00:02:10]} Nh6 {[%clk 00:24:25]} {[%emt
00:00:39]} 44. Rxe4 {[%clk 00:12:51]} {[%emt 00:10:03]} Nf5 {[%clk 00:23:23]}
{[%emt 00:01:32]} 45. Ra4 {[%clk 00:10:37]} {[%emt 00:02:44]} Nxe3 {[%clk
00:16:38]} {[%emt 00:07:16]} 46. Nxe3 {[%clk 00:11:04]} {[%emt 00:00:03]} Bc6
{[%clk 00:12:49]} {[%emt 00:04:19]} 47. Rc4 {[%clk 00:10:50]} {[%emt 00:00:44]}
Bf3 {[%clk 00:13:13]} {[%emt 00:00:06]} 48. Rc2 {[%clk 00:07:18]} {[%emt
00:04:02]} Bf6 {[%clk 00:12:50]} {[%emt 00:00:53]} 49. Rc8+ {[%clk 00:05:22]}
{[%emt 00:02:26]} Kf7 {[%clk 00:12:35]} {[%emt 00:00:45]} 50. Nc2 {[%clk
00:05:21]} {[%emt 00:00:31]} Bb7 {[%clk 00:12:02]} {[%emt 00:01:02]} 51. Rc4
{[%clk 00:04:11]} {[%emt 00:01:40]} Ba6 {[%clk 00:09:02]} {[%emt 00:03:31]} 52.
Ra4 {[%clk 00:03:37]} {[%emt 00:01:03]} Bd3 {[%clk 00:09:08]} {[%emt 00:00:23]}
53. Ne1 {[%clk 00:01:38]} {[%emt 00:02:30]} Bb1 {[%clk 00:09:31]} {[%emt
00:00:07]} 54. a3 {[%clk 00:01:30]} {[%emt 00:00:39]} Rc7 {[%clk 00:06:56]}
{[%emt 00:03:05]} 55. Bd4 {[%clk 00:01:28]} {[%emt 00:00:32]} Be7 {[%clk
00:06:30]} {[%emt 00:00:55]} 56. Kf2 {[%clk 00:01:23]} {[%emt 00:00:35]} Ke6
{[%clk 00:05:03]} {[%emt 00:01:57]} 57. Ke3 {[%clk 00:01:14]} {[%emt 00:00:40]}
h5 {[%clk 00:02:13]} {[%emt 00:03:19]} 58. Ra8 {[%clk 00:01:10]} {[%emt
00:00:33]} g5 {[%clk 00:01:36]} {[%emt 00:01:08]} 59. a4 {[%clk 00:00:52]}
{[%emt 00:00:48]} Rb7 {[%clk 00:01:18]} {[%emt 00:00:47]} 60. a5 {[%clk
00:00:50]} {[%emt 00:00:32]} Rxb3+ {[%clk 00:01:42]} {[%emt 00:00:06]} 61. Kd2
{[%clk 00:00:58]} {[%emt 00:00:22]} gxf4 {[%clk 00:01:38]} {[%emt 00:00:34]} 62.
gxf4 {[%clk 00:01:18]} {[%emt 00:00:11]} Ra3 {[%clk 00:01:16]} {[%emt
00:00:52]} 63. Bc3 {[%clk 00:00:43]} {[%emt 00:01:05]} Be4 {[%clk 00:01:20]}
{[%emt 00:00:25]} 64. Rh8 {[%clk 00:00:59]} {[%emt 00:00:14]} h4 {[%clk
00:01:14]} {[%emt 00:00:37]} 65. Rh6+ {[%clk 00:00:53]} {[%emt 00:00:36]} Kd5
{[%clk 00:00:48]} {[%emt 00:00:55]} 66. Bb4 {[%clk 00:01:03]} {[%emt 00:00:21]}
Ra4 {[%clk 00:00:35]} {[%emt 00:00:43]} 67. Kc3 {[%clk 00:01:04]} {[%emt
00:00:28]} Ra1 {[%clk 00:00:37]} {[%emt 00:00:29]} 68. Rh5+ {[%clk 00:00:43]}
{[%emt 00:00:51]} Ke6 {[%clk 00:00:43]} {[%emt 00:00:24]} 69. Rh6+ {[%clk
00:00:36]} {[%emt 00:00:38]} Kd5 {[%clk 00:00:40]} {[%emt 00:00:32]} 70. Kb2
{[%emt 00:00:41]} Rb1+ {[%clk 00:00:42]} {[%emt 00:00:19]} 71. Ka3 {[%clk
00:00:47]} {[%emt 00:00:16]} Kc4 {[%clk 00:00:33]} {[%emt 00:00:39]} 72. Re6
{[%clk 00:01:16]} {[%emt 00:00:01]} Ra1+ {[%clk 00:00:55]} {[%emt 00:00:08]} 73.
Kb2 {[%emt 00:00:16]} Rb1+ {[%clk 00:01:13]} {[%emt 00:00:02]} 74. Ka2 {[%clk
00:01:58]} {[%emt 00:00:12]} Bf5 {[%clk 00:01:22]} {[%emt 00:00:21]} 75. Rxe7
{[%clk 00:01:38]} {[%emt 00:00:51]} Rxb4 {[%clk 00:01:43]} {[%emt 00:00:07]} 76.
Nf3 {[%clk 00:00:42]} {[%emt 00:01:27]} h3 {[%clk 00:02:01]} {[%emt 00:00:13]}
77. Rf7 {[%clk 00:00:32]} {[%emt 00:00:40]} Ra4+ {[%clk 00:01:44]} {[%emt
00:00:46]} 78. Kb2 {[%clk 00:00:56]} {[%emt 00:00:05]} Rxa5 {[%clk 00:02:04]}
{[%emt 00:00:11]} 79. Rf6 {[%clk 00:00:47]} {[%emt 00:00:39]} Rd5 {[%clk
00:01:54]} {[%emt 00:00:39]} 80. Ng5 {[%clk 00:00:43]} {[%emt 00:00:35]} Rd2+
{[%clk 00:00:55]} {[%emt 00:01:30]} 81. Kc1 {[%clk 00:00:39]} {[%emt 00:00:34]}
Rxh2 {[%clk 00:01:08]} {[%emt 00:00:17]} 82. Rxf5 {[%clk 00:00:58]} {[%emt
00:00:10]} Rh1+ {[%clk 00:01:28]} {[%emt 00:00:10]} 83. Kd2 {[%clk 00:00:43]}
{[%emt 00:00:46]} h2 {[%clk 00:01:53]} {[%emt 00:00:05]} 84. Rf7 {[%clk
00:00:52]} {[%emt 00:00:21]} Rd1+ {[%clk 00:00:45]} {[%emt 00:01:37]} 85. Kxd1
{[%clk 00:01:16]} {[%emt 00:00:06]} h1=Q+ {[%clk 00:01:09]} {[%emt 00:00:06]}
86. Ke2 {[%clk 00:01:38]} {[%emt 00:00:08]} Kd4 {[%clk 00:00:37]} {[%emt
00:01:01]} 87. Nf3+ {[%clk 00:01:48]} {[%emt 00:00:22]} Kd5 {[%clk 00:00:41]}
{[%emt 00:00:25]} 88. Ng5 {[%clk 00:01:25]} {[%emt 00:00:53]} Qg2+ {[%clk
00:00:42]} {[%emt 00:00:29]} 89. Ke3 {[%clk 00:01:38]} {[%emt 00:00:17]} Qc2
{[%clk 00:00:42]} {[%emt 00:00:29]} 90. Rf8 {[%clk 00:00:51]} {[%emt 00:01:18]}
Qb3+ {[%clk 00:00:40]} {[%emt 00:00:32]} 91. Ke2 {[%clk 00:01:13]} {[%emt
00:00:09]} Kc6 {[%clk 00:00:38]} {[%emt 00:00:31]} 92. Rf7 {[%clk 00:01:31]}
{[%emt 00:00:13]} Qc2+ {[%clk 00:00:37]} {[%emt 00:00:31]} 93. Ke3 {[%clk
00:01:55]} {[%emt 00:00:06]} Qc3+ {[%clk 00:01:02]} {[%emt 00:00:05]} 94. Ke2
{[%clk 00:02:14]} {[%emt 00:00:11]} d5 {[%clk 00:01:10]} {[%emt 00:00:22]} 95.
Nf3 {[%clk 00:01:03]} {[%emt 00:01:41]} d4 {[%clk 00:01:12]} {[%emt 00:00:28]}
96. Ne5+ {[%clk 00:01:01]} {[%emt 00:00:33]} Kd5 {[%clk 00:01:32]} {[%emt
00:00:09]} 97. Rd7+ {[%clk 00:00:40]} {[%emt 00:00:51]} Ke4 {[%clk 00:01:54]}
{[%emt 00:00:07]} 98. Rf7 {[%clk 00:00:31]} {[%emt 00:00:40]} d3+ {[%clk
00:01:40]} {[%emt 00:00:44]} 99. Nxd3 {[%clk 00:00:43]} {[%emt 00:00:19]} Qxd3+
{[%clk 00:02:03]} {[%emt 00:00:06]} 0-1

[Event "Top 12 2021"]
[Site "Chalons en Champagne, France"]
[Date "2021.06.26"]
[Round "3.45"]
[White "Relange, Eloi CLI"]
[Black "De Pierrefeu, Thibaut ERD"]
[Result "1-0"]
[WhiteElo "2453"]
[BlackElo "2205"]

1. Nf3 {[%clk 01:30:38]} {[%emt 00:00:20]} Nf6 {[%clk 01:30:44]} {[%emt
00:00:17]} 2. g3 {[%clk 01:30:50]} {[%emt 00:00:18]} e6 {[%clk 01:30:38]}
{[%emt 00:00:37]} 3. Bg2 {[%clk 01:31:08]} {[%emt 00:00:11]} d5 {[%clk
01:30:52]} {[%emt 00:00:16]} 4. O-O {[%clk 01:31:27]} {[%emt 00:00:11]} Be7
{[%clk 01:31:03]} {[%emt 00:00:19]} 5. d3 {[%clk 01:31:40]} {[%emt 00:00:16]}
O-O {[%clk 01:31:01]} {[%emt 00:00:32]} 6. Nbd2 {[%clk 01:32:00]} {[%emt
00:00:10]} Nc6 {[%clk 01:25:45]} {[%emt 00:05:46]} 7. e4 {[%clk 01:29:34]}
{[%emt 00:02:57]} dxe4 {[%clk 01:23:19]} {[%emt 00:02:56]} 8. dxe4 {[%clk
01:29:54]} {[%emt 00:00:09]} e5 {[%clk 01:19:20]} {[%emt 00:04:30]} 9. c3
{[%clk 01:25:05]} {[%emt 00:05:18]} Qd3 {[%clk 01:16:17]} {[%emt 00:03:33]} 10.
Re1 {[%clk 01:23:27]} {[%emt 00:02:08]} Be6 {[%clk 01:09:52]} {[%emt 00:06:56]}
11. Bf1 {[%clk 01:22:11]} {[%emt 00:01:45]} Qd6 {[%clk 01:08:52]} {[%emt
00:01:30]} 12. Qc2 {[%clk 01:20:31]} {[%emt 00:02:10]} Ng4 {[%clk 01:05:21]}
{[%emt 00:04:03]} 13. h3 {[%clk 01:15:30]} {[%emt 00:05:30]} Nh6 {[%clk
01:04:08]} {[%emt 00:01:43]} 14. Nc4 {[%clk 01:13:40]} {[%emt 00:02:20]} Bxc4
{[%clk 01:03:35]} {[%emt 00:01:04]} 15. Bxc4 {[%clk 01:14:01]} {[%emt
00:00:07]} Kh8 {[%clk 00:52:05]} {[%emt 00:12:01]} 16. Kg2 {[%clk 01:06:33]}
{[%emt 00:07:58]} Ng8 {[%clk 00:44:07]} {[%emt 00:08:28]} 17. Be3 {[%clk
01:04:28]} {[%emt 00:02:33]} Qg6 {[%clk 00:40:45]} {[%emt 00:03:53]} 18. Bd5
{[%clk 00:57:56]} {[%emt 00:07:02]} Bd6 {[%clk 00:40:35]} {[%emt 00:00:41]} 19.
Nh4 {[%clk 00:56:04]} {[%emt 00:02:21]} Qf6 {[%clk 00:37:54]} {[%emt 00:03:12]}
20. Bxc6 {[%clk 00:55:59]} {[%emt 00:00:35]} bxc6 {[%clk 00:38:22]} {[%emt
00:00:02]} 21. Qa4 {[%clk 00:55:54]} {[%emt 00:00:33]} Ne7 {[%clk 00:38:20]}
{[%emt 00:00:32]} 22. c4 {[%clk 00:55:02]} {[%emt 00:01:22]} c5 {[%clk
00:33:27]} {[%emt 00:05:25]} 23. b4 {[%clk 00:45:09]} {[%emt 00:10:22]} c6
{[%clk 00:30:50]} {[%emt 00:03:07]} 24. bxc5 {[%clk 00:44:16]} {[%emt
00:01:22]} Bc7 {[%clk 00:30:45]} {[%emt 00:00:36]} 25. Rab1 {[%clk 00:43:58]}
{[%emt 00:00:47]} a5 {[%clk 00:29:33]} {[%emt 00:01:43]} 26. Rb7 {[%clk
00:36:41]} {[%emt 00:07:46]} Rfc8 {[%clk 00:29:39]} {[%emt 00:00:24]} 27. Rd1
{[%clk 00:36:45]} {[%emt 00:00:26]} Qe6 {[%clk 00:29:58]} {[%emt 00:00:10]} 28.
Qc2 {[%clk 00:36:47]} {[%emt 00:00:28]} h6 {[%clk 00:28:06]} {[%emt 00:02:23]}
29. Nf5 {[%clk 00:34:25]} {[%emt 00:02:51]} Rab8 {[%clk 00:27:17]} {[%emt
00:01:20]} 30. Rdb1 {[%clk 00:30:11]} {[%emt 00:04:44]} Rxb7 {[%clk 00:19:24]}
{[%emt 00:08:24]} 31. Rxb7 {[%clk 00:30:31]} {[%emt 00:00:08]} Ng8 {[%clk
00:17:50]} {[%emt 00:02:04]} 32. Qd3 {[%clk 00:21:52]} {[%emt 00:09:09]} Rd8
{[%clk 00:16:45]} {[%emt 00:01:36]} 33. Qe2 {[%clk 00:22:11]} {[%emt 00:00:11]}
Bb8 {[%clk 00:14:22]} {[%emt 00:02:52]} 34. Qg4 {[%clk 00:17:48]} {[%emt
00:04:53]} Qf6 {[%clk 00:14:32]} {[%emt 00:00:20]} 35. a4 {[%clk 00:17:13]}
{[%emt 00:01:06]} Kh7 {[%clk 00:14:29]} {[%emt 00:00:33]} 36. Qh4 {[%clk
00:12:09]} {[%emt 00:05:34]} Kg6 {[%clk 00:11:16]} {[%emt 00:03:43]} 37. Rb6
{[%clk 00:10:23]} {[%emt 00:02:15]} Kh7 {[%clk 00:09:24]} {[%emt 00:02:21]} 38.
Qxf6 {[%clk 00:08:38]} {[%emt 00:02:16]} Nxf6 {[%clk 00:09:52]} {[%emt
00:00:03]} 39. Kf3 {[%clk 00:08:58]} {[%emt 00:00:09]} g6 {[%clk 00:04:45]}
{[%emt 00:05:37]} 40. Ne7 {[%clk 00:36:20]} {[%emt 00:03:07]} Nd7 {[%clk
00:33:58]} {[%emt 00:01:18]} 41. Rb7 {[%clk 00:31:51]} {[%emt 00:04:59]} Nxc5
{[%clk 00:32:34]} {[%emt 00:01:55]} 42. Bxc5 {[%emt 00:00:28]} 1-0

[Event "Top 12 2021"]
[Site "Chalons en Champagne, France"]
[Date "2021.06.26"]
[Round "3.46"]
[White "Le Pen, Steven ERD"]
[Black "Delorme, Axel CLI"]
[Result "0-1"]
[WhiteElo "2107"]
[BlackElo "2480"]

1. e4 {[%clk 01:30:56]} {[%emt 00:00:03]} e5 {[%clk 01:30:55]} {[%emt
00:00:06]} 2. Nf3 {[%clk 01:31:15]} {[%emt 00:00:10]} Nc6 {[%clk 01:31:20]}
{[%emt 00:00:04]} 3. d4 {[%clk 01:31:19]} {[%emt 00:00:27]} exd4 {[%clk
01:29:31]} {[%emt 00:02:19]} 4. Nxd4 {[%clk 01:31:34]} {[%emt 00:00:15]} Bb4+
{[%clk 01:27:16]} {[%emt 00:02:43]} 5. c3 {[%clk 01:30:04]} {[%emt 00:02:02]}
Bc5 {[%clk 01:25:20]} {[%emt 00:02:27]} 6. Nb3 {[%clk 01:27:51]} {[%emt
00:02:42]} Bb6 {[%clk 01:24:14]} {[%emt 00:01:36]} 7. c4 {[%clk 01:18:58]}
{[%emt 00:09:24]} d6 {[%clk 01:18:07]} {[%emt 00:06:37]} 8. Nc3 {[%clk
01:17:05]} {[%emt 00:02:23]} Qh4 {[%clk 01:07:48]} {[%emt 00:10:48]} 9. g3
{[%clk 01:12:11]} {[%emt 00:05:24]} Qf6 {[%clk 01:07:12]} {[%emt 00:01:06]} 10.
f4 {[%clk 01:08:01]} {[%emt 00:04:40]} Nge7 {[%clk 01:02:58]} {[%emt 00:04:44]}
11. Qe2 {[%clk 00:56:59]} {[%emt 00:11:32]} a5 {[%clk 00:55:03]} {[%emt
00:08:26]} 12. Be3 {[%clk 00:45:48]} {[%emt 00:11:41]} Bg4 {[%clk 00:46:41]}
{[%emt 00:08:52]} 13. Qf2 {[%clk 00:40:12]} {[%emt 00:06:06]} a4 {[%clk
00:46:24]} {[%emt 00:00:47]} 14. c5 {[%clk 00:17:40]} {[%emt 00:23:02]} axb3
{[%clk 00:41:39]} {[%emt 00:05:15]} 15. cxb6 {[%clk 00:17:38]} {[%emt
00:00:33]} Nb4 {[%clk 00:41:54]} {[%emt 00:00:14]} 16. bxc7 {[%clk 00:14:18]}
{[%emt 00:03:50]} Nc2+ {[%clk 00:41:19]} {[%emt 00:01:05]} 17. Kd2 {[%clk
00:14:39]} {[%emt 00:00:09]} Nxa1 {[%clk 00:38:19]} {[%emt 00:03:30]} 18. Bd4
{[%clk 00:12:51]} {[%emt 00:02:19]} Qh6 {[%clk 00:36:28]} {[%emt 00:02:21]} 19.
Bb5+ {[%clk 00:12:18]} {[%emt 00:01:02]} Bd7 {[%clk 00:36:18]} {[%emt
00:00:40]} 20. Rxa1 {[%clk 00:11:01]} {[%emt 00:01:47]} Bxb5 {[%clk 00:34:59]}
{[%emt 00:01:49]} 21. Nxb5 {[%clk 00:11:22]} {[%emt 00:00:09]} bxa2 {[%clk
00:33:39]} {[%emt 00:01:50]} 22. Na7 {[%clk 00:10:07]} {[%emt 00:01:45]} O-O
{[%clk 00:30:34]} {[%emt 00:03:35]} 23. Rxa2 {[%clk 00:05:07]} {[%emt
00:05:30]} Qe6 {[%clk 00:29:27]} {[%emt 00:01:37]} 24. Ra3 {[%clk 00:05:03]}
{[%emt 00:00:34]} Qxe4 {[%clk 00:28:34]} {[%emt 00:01:23]} 25. Rc3 {[%clk
00:04:25]} {[%emt 00:01:07]} Qd5 {[%clk 00:23:33]} {[%emt 00:05:32]} 26. Kc1
{[%clk 00:03:19]} {[%emt 00:01:37]} Rfe8 {[%clk 00:22:16]} {[%emt 00:01:46]} 27.
g4 {[%clk 00:00:53]} {[%emt 00:02:57]} Nc8 {[%clk 00:18:06]} {[%emt 00:04:39]}
28. Nxc8 {[%clk 00:00:44]} {[%emt 00:00:37]} Rexc8 {[%clk 00:18:18]} {[%emt
00:00:20]} 29. Kb1 {[%clk 00:00:31]} {[%emt 00:00:43]} Ra4 {[%clk 00:15:15]}
{[%emt 00:03:32]} 30. Be3 {[%clk 00:00:47]} {[%emt 00:00:16]} Qd1+ {[%clk
00:12:35]} {[%emt 00:03:09]} 31. Bc1 {[%clk 00:00:45]} {[%emt 00:00:33]} Qxg4
{[%emt 00:01:41]} 0-1

[Event "Top 12 2021"]
[Site "Chalons en Champagne, France"]
[Date "2021.06.26"]
[Round "3.47"]
[White "Harutyunyan, Ruben CLI"]
[Black "Jaouen, Valentin ERD"]
[Result "1-0"]
[WhiteElo "2401"]
[BlackElo "2112"]

1. Nf3 {[%clk 01:30:52]} {[%emt 00:00:07]} e6 {[%clk 01:30:51]} {[%emt
00:00:10]} 2. g3 {[%clk 01:31:12]} {[%emt 00:00:10]} b6 {[%clk 01:31:00]}
{[%emt 00:00:21]} 3. Bg2 {[%clk 01:31:37]} {[%emt 00:00:04]} Bb7 {[%clk
01:31:24]} {[%emt 00:00:06]} 4. O-O {[%clk 01:31:59]} {[%emt 00:00:08]} f5
{[%clk 01:30:30]} {[%emt 00:01:23]} 5. d3 {[%clk 01:32:22]} {[%emt 00:00:08]}
Nf6 {[%clk 01:30:42]} {[%emt 00:00:17]} 6. Nbd2 {[%clk 01:31:43]} {[%emt
00:01:10]} g6 {[%clk 01:24:53]} {[%emt 00:06:18]} 7. e4 {[%clk 01:29:00]}
{[%emt 00:03:14]} fxe4 {[%clk 01:16:43]} {[%emt 00:08:40]} 8. dxe4 {[%clk
01:27:18]} {[%emt 00:02:13]} Bg7 {[%clk 01:15:00]} {[%emt 00:02:12]} 9. e5
{[%clk 01:24:41]} {[%emt 00:03:07]} Nd5 {[%clk 01:05:00]} {[%emt 00:10:31]} 10.
Ne4 {[%clk 01:19:32]} {[%emt 00:05:38]} Ne3 {[%clk 00:56:45]} {[%emt 00:08:45]}
11. Nf6+ {[%clk 01:17:01]} {[%emt 00:03:01]} Bxf6 {[%clk 00:56:48]} {[%emt
00:00:27]} 12. Bxe3 {[%clk 01:16:14]} {[%emt 00:01:16]} Bg7 {[%clk 00:56:46]}
{[%emt 00:00:32]} 13. Bg5 {[%clk 01:15:55]} {[%emt 00:00:50]} Qc8 {[%clk
00:56:12]} {[%emt 00:01:04]} 14. Qd4 {[%clk 01:11:07]} {[%emt 00:05:18]} O-O
{[%clk 00:53:42]} {[%emt 00:02:30]} 15. Qe3 {[%clk 00:50:12]} {[%emt 00:21:26]}
Nc6 {[%clk 00:50:05]} {[%emt 00:04:35]} 16. Rad1 {[%clk 00:38:16]} {[%emt
00:12:26]} Nb4 {[%clk 00:45:33]} {[%emt 00:05:01]} 17. Qb3 {[%clk 00:34:55]}
{[%emt 00:03:52]} a5 {[%clk 00:43:25]} {[%emt 00:02:39]} 18. a3 {[%clk
00:31:59]} {[%emt 00:03:26]} Na6 {[%clk 00:41:44]} {[%emt 00:02:11]} 19. Qe3
{[%clk 00:29:41]} {[%emt 00:02:47]} Rf5 {[%clk 00:33:44]} {[%emt 00:08:30]} 20.
Bf4 {[%clk 00:27:54]} {[%emt 00:02:17]} Nc5 {[%clk 00:28:12]} {[%emt 00:06:02]}
21. b4 {[%clk 00:23:27]} {[%emt 00:04:57]} axb4 {[%clk 00:28:37]} {[%emt
00:00:05]} 22. axb4 {[%clk 00:23:54]} {[%emt 00:00:04]} Na4 {[%clk 00:27:45]}
{[%emt 00:01:21]} 23. Bh3 {[%clk 00:17:07]} {[%emt 00:07:17]} Rf7 {[%clk
00:24:34]} {[%emt 00:03:41]} 24. Ng5 {[%clk 00:14:16]} {[%emt 00:03:22]} Re7
{[%clk 00:24:51]} {[%emt 00:00:12]} 25. Rde1 {[%clk 00:04:44]} {[%emt
00:10:03]} Bd5 {[%clk 00:17:27]} {[%emt 00:07:54]} 26. Ne4 {[%clk 00:04:37]}
{[%emt 00:00:37]} Nb2 {[%clk 00:16:23]} {[%emt 00:01:33]} 27. Qc3 {[%clk
00:04:14]} {[%emt 00:00:53]} Nc4 {[%clk 00:16:05]} {[%emt 00:00:48]} 28. Nf6+
{[%clk 00:03:35]} {[%emt 00:01:10]} Kh8 {[%clk 00:15:02]} {[%emt 00:01:33]} 29.
Ra1 {[%clk 00:02:23]} {[%emt 00:01:42]} Rf7 {[%clk 00:12:13]} {[%emt 00:03:18]}
30. Nxd5 {[%clk 00:02:17]} {[%emt 00:00:36]} exd5 {[%clk 00:12:25]} {[%emt
00:00:18]} 31. Rxa8 {[%clk 00:02:11]} {[%emt 00:00:37]} Qxa8 {[%clk 00:12:49]}
{[%emt 00:00:05]} 32. Ra1 {[%clk 00:01:03]} {[%emt 00:01:37]} Qc6 {[%clk
00:13:06]} {[%emt 00:00:11]} 33. b5 {[%clk 00:01:02]} {[%emt 00:00:33]} Qxb5
{[%clk 00:12:08]} {[%emt 00:01:28]} 34. Ra8+ {[%clk 00:01:06]} {[%emt
00:00:27]} Rf8 {[%clk 00:12:33]} {[%emt 00:00:05]} 35. Rxf8+ {[%clk 00:01:11]}
{[%emt 00:00:25]} Bxf8 {[%clk 00:12:58]} {[%emt 00:00:05]} 36. e6+ {[%clk
00:01:11]} {[%emt 00:00:30]} Bg7 {[%clk 00:13:12]} {[%emt 00:00:15]} 37. Qxg7+
{[%clk 00:00:39]} {[%emt 00:01:02]} Kxg7 {[%clk 00:13:37]} {[%emt 00:00:04]} 38.
exd7 {[%clk 00:01:05]} {[%emt 00:00:05]} Qb1+ {[%clk 00:13:44]} {[%emt
00:00:23]} 39. Bf1 {[%clk 00:00:58]} {[%emt 00:00:37]} g5 {[%clk 00:12:07]}
{[%emt 00:02:07]} 40. Bxg5 {[%clk 00:30:40]} {[%emt 00:00:49]} Ne5 {[%clk
00:41:56]} {[%emt 00:00:39]} 41. d8=Q {[%clk 00:29:45]} {[%emt 00:01:25]} Nf3+
{[%clk 00:41:13]} {[%emt 00:01:14]} 42. Kg2 {[%clk 00:30:08]} {[%emt 00:00:07]}
Ne1+ {[%clk 00:40:59]} {[%emt 00:00:44]} 43. Kh3 {[%clk 00:30:29]} {[%emt
00:00:08]} Qa1 {[%clk 00:40:45]} {[%emt 00:00:45]} 44. Qxc7+ {[%clk 00:27:23]}
{[%emt 00:03:36]} Kg6 {[%clk 00:40:52]} {[%emt 00:00:23]} 45. Bd2 {[%clk
00:26:58]} {[%emt 00:00:55]} 1-0